00353nam a2200121Ia 4500008004100000100001700041245003100058260001900089260000900108546001200117999001700129952008500146170619s9999 xx 000 0 und d aMichael Bass 0aHand book of Optics vol II bNew Delhi: TMH c1995 aENGLISH c16352d16352 00102ddc4070a06b06d2002-01-29e1l0p06-B-2235r2017-07-03w2017-07-03y01